000 01153nam a2200229 i 4500
001 186932
003 ES-MaACL
005 20231011170410.0
008 170302s2016 sp ac |||| |dspa d
245 0 0 _aFrancisco A. de Icaza .
_bCarmen de Icaza : [dossier de informaciones diversas recopiladas de páginas de Internet].
246 3 _aFrancisco de Icaza, 1863-1928 :
_bcervantista, presidente de la Sección de Literatura, Ateneo de Madrid 1915-1916
246 3 _aCarmen de Icaza
260 _a[Madrid :
_bBiblioteca del Ateneo,
_c2016]
300 _a[100] h. :
_bil., retr. ;
_c30 cm.
504 _aReferencias bibliográficas.
594 _aInformación recogida con motivo del homenaje a Francisco Asís de Icaza, incluido en los actos en conmemoración del IV Centenario de Cervantes 2016 en el Ateneo de Madrid; organizado por su Junta de Gobierno, en el Salón de Actos, el 5 de mayo de 2016.
600 1 4 _aIcaza, Francisco A. de,
_d1863-1925
_965035
600 1 4 _aIcaza, Carmen de,
_d1899-1979
_965034
710 2 _aAteneo de Madrid.
_bBiblioteca
_91951
852 4 _aES-MaACL
_j2151-F-21
_z- Enc. canutillo
999 _c186932
_d186932